Detalles MARC
| 000 -LIDER |
| fixed length control field |
01725nam a2200409 a 4500 |
| 001 - NÚMERO DE CONTROL |
| Identificador de número de control |
000020243 |
| 003 - IDENTIFICACDOR DE NÚMERO DE CONTROL |
| control field |
DO-SdBNP |
| 005 - DATE AND TIME OF LATEST TRANSACTION |
| control field |
20210427105110.0 |
| 007 - CAMPOS FIJOS DE DESCRIPCIÓN FÍSICA |
| fixed length control field |
000020243 |
| 008 - ELEMENTOS DE LONGITUD FIJA |
| fixed length control field |
100730s2017 dr abc 001 0 spa d |
| 020 ## - ISBN |
| Canceled/invalid ISBN |
9789945894653 |
| 040 ## - FUENTE DE CATALOGACIÓN |
| Agencia que crea de manera original el registro |
BPMSU |
| Idioma de catalogación |
spa |
| Agencia que realiza la transcripción |
BPMSU |
| 082 ## - NÚMERO DE CLASIFICACIÓN DECIMAL DE DEWEY |
| Classification number |
808 |
| Item number |
K65p. 2017 |
| Edition number |
22 |
| 092 ## - LOCALLY ASSIGNED DEWEY DECIMAL CALL NUMBER |
| Número de clasificación |
|
| Número de ítem (Cutter) |
|
| 100 1# - ASIENTO PRINCIPAL -- NOMBRE PERSONAL |
| Nombre personal |
Klinger Pevida Eduardo |
| 245 13 - MENCIÓN DE TITULO |
| Título |
Los Premios Nobel 1901-2016 : |
| Subtítulo |
los laureados, aportes premiados e impactos socioeconómicos / |
| Mención de responsabilidad |
Eduardo Klinger Pevida ; prólogo Luis Scheker Ortiz. |
| 260 ## - PUBLICACIÓN, DISTRIBUCIÓN, ETC. (PIE DE IMPRENTA) |
| Lugar de publicación, distribución, etc |
Santo Domingo : |
| Nombre del editor, distribuidor, etc. |
Academia de Ciencias de la República Dominicana : |
| Fecha de publicación, distribución, etc |
2017 |
| 300 ## - DESCRIPCIÓN FÍSICA |
| Extensión |
955 p. : |
| Otros detalles físicos |
il. retrs. ; |
| Dimensiones |
25 cm. |
| 500 0# - NOTA GENERAL |
| Nota general |
incluye datos biográficos del autor en la contracubierta |
| 505 0# - NOTA DE CONTENIDO |
| Texto normalizado de contenido |
Premios Nobel de Física -- Premios Nobel de Química -- Premios Nobel de Fisiología y medicina -- Premios Nobel de Literatura -- Premios Nobel de la Paz -- Los Premios Nobel de Economía 1968-1999 -- Los Premios Nobel de América Latina y el Caribe -- Las mujeres y el Premio Nobel. |
| Campo enlazado y núm. de secuencia |
|
| 586 ## - AWARDS NOTE |
| Awards note |
Premios Nobel 1901-2016 |
| 590 ## - NOTA LOCAL |
| Enlace |
Inventariado, 2021/VM |
| 610 14 - ENCABEZAMIENTO DE MATERIA--NOMBRE CORPORATIVO |
| Nombre corporativo o de jurisdicción |
Fundación Nobel |
| 650 #4 - ENCABEZAMIENTO DE MATERIA--TEMÁTICO |
| Término temático o nombre geográfico como elemento de entrada |
Premios Nobel de Física |
| Subdivisión temática general |
|
| 650 #4 - ENCABEZAMIENTO DE MATERIA--TEMÁTICO |
| Término temático o nombre geográfico como elemento de entrada |
Premios Nobel de Literatura |
| 650 #4 - ENCABEZAMIENTO DE MATERIA--TEMÁTICO |
| Término temático o nombre geográfico como elemento de entrada |
Premios Nobel de Química |
| 650 #4 - ENCABEZAMIENTO DE MATERIA--TEMÁTICO |
| Término temático o nombre geográfico como elemento de entrada |
Premios Nobel de Paz |
| 650 #4 - ENCABEZAMIENTO DE MATERIA--TEMÁTICO |
| Término temático o nombre geográfico como elemento de entrada |
Premios Nobel de Medicina |
| 650 #4 - ENCABEZAMIENTO DE MATERIA--TEMÁTICO |
| Término temático o nombre geográfico como elemento de entrada |
Literatura y ciencia |
| 700 12 - ASIENTO SECUNDARIO -- NOMBRE PERSONAL |
| Nombre personal |
Scheker Ortiz, Luis |
| Fechas asociadas con el nombre |
|
| Mención de responsabilidad |
pról. |
| 710 2# - ASIENTO SECUNDARIO -- NOMBRE CORPORATIVO |
| Nombre corporativo o de jurisdicción |
Ministerio de Educación Superior, Ciencia y Tecnología (República Dominicana) |
| 710 2# - ASIENTO SECUNDARIO -- NOMBRE CORPORATIVO |
| Nombre corporativo o de jurisdicción |
Academia de Ciencias de la República Dominicana |
| 830 #0 - ASIENTO SECUNDARIO DE SERIE--TÍTULO UNIFORME |
| Título uniforme |
Ediciones Ferilibro |
| 910 ## - VALIDACIÓN |
| Validación |
VMateo |
| 942 ## - ADDED ENTRY ELEMENTS (KOHA) |
| Source of classification or shelving scheme |
Dewey Decimal Classification |
| Koha item type |
Libros |
| 945 ## - INFORMACIÓN DE PROCESAMIENTO LOCAL |
| Información de procesamiento local |
|